| 000 | 00586cam a2200193u 4500 | ||
|---|---|---|---|
| 999 |
_c330374 _d330374 |
||
| 001 | 8509982 | ||
| 003 | NUST | ||
| 005 | 20170623095236.0 | ||
| 008 | 831005s1971 xx 000 0 urdo | ||
| 010 | _a 71933107 | ||
| 040 |
_aDLC _cCarP _dDLC |
||
| 050 | 0 | 0 |
_aPK2200.Z333 _bK6 1971 (Orien Urd) |
| 082 |
_a891.4391 _bZAI |
||
| 100 | 1 |
_aZaidi, Muṣt̤afā, _d1930-1970. [from old catalog] _93125 |
|
| 245 | 1 | 0 | _aKoh-i nidā. |
| 260 |
_c1971 _aLahore: _bAl-hamad publications, |
||
| 300 |
_a112 p. _c23 cm. |
||
| 500 | _aRomanized. | ||
| 650 |
_aUrdu Literature- Poems _91989 |
||
| 880 |
_6100-01\(3\r _aمصطفی زیدی |
||
| 880 |
_6245-02\(3\r _aکوہ ندا _cمصطفی زیدی |
||
| 880 |
_6260-03\(3\r _aلاہور: _bالحمد پبلی کیشنز، _c1998 |
||
| 906 |
_a0 _bcbc _cpremunv _du _encip _f19 _gy-gencatlg |
||
| 942 |
_2ddc _cBK |
||